00473nam a2200145Ia 4500008004100000020002200041050002200063100001600085245007400101250000600175260003100181300001600212650004400228700005500272120626s9999 xx 000 0 und d a978-607-481-435-9 aQA76.76 O63 F5918 aMCLVER, Ann aSistemas Operativos / Ann Mclver, Ida M. Flynn; tr. Gabriel Sánchez a6 aMéxico: CENGAGE Learning aXIX, 569 p. a1.- SISTEMAS OPERATIVOS ( COMPUTADORAS) aFLYNN, IDA M. autor 2.SÁNCHEZ, GABRIEL, tr.Ì